| 000 | 00645nam a22002057a 4500 | ||
|---|---|---|---|
| 003 | 0 | ||
| 005 | 20230818125735.0 | ||
| 008 | 230818b xxu||||| |||| 00| 0 eng d | ||
| 020 | _a978-621-409-170-6 | ||
| 050 |
_aNX 280 _b.So65 2023 |
||
| 100 | _aSolmerano, Ernesto Thaddeus M. | ||
| 245 |
_aArt appreciation _cErnesto Thaddeus M. Solmerano |
||
| 250 | _aSecond edition | ||
| 260 |
_aMandaluyong City _bBooks Atbp. Publishing Corp. _cc2023 |
||
| 300 |
_axiv, 221 pages : _bill. ; _c23 cm. |
||
| 500 | _aArt--study & teaching. | ||
| 504 | _aIncludes bibliographical references. | ||
| 650 | _aArt--study & teaching. | ||
| 942 |
_2lcc _cBK |
||
| 999 |
_c365178 _d365178 |
||